000 00683nam a2200229Ia 4500
003 OSt
005 20220923225319.0
006 a|||||r|||| 00| 0
007 ta
008 220922b |||||||| |||| 00| 0 hin d
024 _a263,168
037 _cTextual
040 _aARTS
_cARTS
_bhin
041 _2hin
_ahin
082 _aQ11x1:g, L8
100 _aकुसुमलता
_9156277
245 0 _aपुरूष सूक्त का विवेचनात्मक अध्ययन
246 _aPurūṣh sūkta kā vivechanātmak adhyayana
260 _c1978
942 _hQ11x1:g, L8
_cTEXL
_2CC
999 _c377501
_d377501